| 000 | 00662nam a2200157 i 4500 | ||
|---|---|---|---|
| 001 | 46364 | ||
| 003 | ES-MaACL | ||
| 005 | 20230906161352.0 | ||
| 007 | t| | ||
| 008 | 961125m17931797it ||||1| ita d | ||
| 100 | 1 |
_aConca y Alvárez, Antonio. _940065 |
|
| 245 | 1 | 0 |
_aDescrizione odeporica della Spagna _b: in cui spezialmente si da notizia delle cose spettanti alle belle orli degne dell'attenzione del curioso viaggiatore / _cdi Antonio Conca. |
| 260 |
_aParma : _bStamperia Reale, _c1793-97. |
||
| 300 |
_a4 v. ; _c22 cm. |
||
| 852 |
_aES-MaACL _jR-261-4 _z. - Enc. pasta con hier. dor _x Olim : B-232-5 |
||
| 999 |
_c46364 _d46364 |
||